000 00455nam a2200181Ia 4500
001 20899
005 20260306172839.0
008 260306t2021||||xx |||||||||||||| ||spa||
041 _aESP
082 _a343.8
_bP53
100 _aPicón Gonzáles, Jorge
_eAUT
245 0 _aTributación en el sector construcción e inmobiliario
260 _c2021
300 _a127 páginas :
_c24 cm.
650 _aGEN
654 _aCCO
942 _cLIB
_dJUS
_fJUS
_2ddc
_n
999 _c20899
_d20899